Descubrimiento nuevo aì favor de la virtud en los retirados senos del pecho humano (Record no. 8590)

MARC details
000 -CABECERA
campo de control de longitud fija 00996nam a2200229 a 4500
001 - NÚMERO DE CONTROL
campo de control BRCA_8939
005 - FECHA Y HORA DE LA ÚLTIMA TRANSACCIÓN
campo de control 20190320210451.0
008 - DATOS DE LONGITUD FIJA--INFORMACIÓN GENERAL
campo de control de longitud fija 300617c1779----sp-#######---#000-0#spa-#
041 ## - CÓDIGO DE LENGUA
Código de lengua del texto/banda sonora o título independiente spa
044 ## - CÓDIGO DEL PAÍS DE LA ENTIDAD EDITORA/PRODUCTORA
Código MARC del país sp
084 ## - OTRO NÚMERO DE CLASIFICACIÓN
Número de clasificación LE32
Número de documento/Ítem .M37 1779
100 1# - ENTRADA PRINCIPAL--NOMBRE DE PERSONA
Nombre de persona Marqués de Gongora
Término indicativo de función/relación tr.
9 (RLIN) 22219
245 10 - MENCIÓN DE TÍTULO
Título Descubrimiento nuevo aì favor de la virtud en los retirados senos del pecho humano
Resto del título desengan~o practico de todos: libro de las ilusiones del corazon, en toda suerte de estados, y condiciones
Mención de responsabilidad, etc. traducido del francés al castellano por el Marques de Gongora.
260 ## - PUBLICACIÓN, DISTRIBUCIÓN, ETC.
Lugar de publicación, distribución, etc. Madrid
Nombre del editor, distribuidor, etc. en la imprenta Real de la Gazeta
Fecha de publicación, distribución, etc. 1779
300 ## - DESCRIPCIÓN FÍSICA
Extensión 403 p.
Dimensiones 15.9 x 10.4 cm
500 ## - NOTA GENERAL
Nota general Estado físico: presenta encuadernación en pergamino con lomo semi desprendido y presencia del pez de plata
650 14 - PUNTO DE ACCESO ADICIONAL DE MATERIA--TÉRMINO DE MATERIA
Término de materia o nombre geográfico como elemento de entrada Vida espiritual
Subdivisión cronológica Obras anteriores a 1800
9 (RLIN) 21952
650 14 - PUNTO DE ACCESO ADICIONAL DE MATERIA--TÉRMINO DE MATERIA
Término de materia o nombre geográfico como elemento de entrada Virtud
Subdivisión cronológica Obras anteriores a 1800
9 (RLIN) 22220
650 14 - PUNTO DE ACCESO ADICIONAL DE MATERIA--TÉRMINO DE MATERIA
Término de materia o nombre geográfico como elemento de entrada Teología
Subdivisión cronológica Obras anteriores a 1800
9 (RLIN) 22221
902 ## - CATALOGADOR
Iniciales CFM
942 ## - ELEMENTOS DE PUNTO DE ACCESO ADICIONAL (KOHA)
Fuente del sistema de clasificación o colocación Library of Congress Classification
Tipo de ítem Koha Libros
Holdings
Estado de retiro Estado de pérdida Estado dañado No para préstamo Localización permanente Ubicación/localización actual Fecha de adquisición Total de préstamos Signatura topográfica completa Código de barras Fecha visto por última vez Precio válido a partir de Tipo de ítem Koha
El ejemplar forma parte de la colección y puede ser consultado según las políticas vigentes.       Biblioteca del Museo Franz Mayer (Rogerio Casas-Alatriste) Biblioteca del Museo Franz Mayer (Rogerio Casas-Alatriste) 30/06/2017   LE32 .M37 1779 CFM00262 22/03/2019 22/03/2019 Libros